| 000 | 01358nam a2200277 c 4500 | ||
|---|---|---|---|
| 999 |
_c406400 _d406400 |
||
| 003 | BLK | ||
| 005 | 20240311145451.0 | ||
| 008 | 180408b bul|||||r ||||||| ||bul|| | ||
| 040 | _aBLK | ||
| 041 |
_aBUL _cBUL |
||
| 080 |
_aВъзпитание. Образование. Просвета. Организация на свободното време. Вж и 003;021. 3;159. 9;612;613;727 _b37 _x(497.2):311 _z37(497.2):311 |
||
| 110 |
_9317187 _aБългария. Главна дир. на статистиката |
||
| 139 | _aСписък на учителите и учителките в народните класни училища в Княжество България през учебната 1892/1893 година | ||
| 245 | 1 | 0 | _aСписък на учителите и учителките в народните класни училища в Княжество България през учебната 1892/1893 година |
| 257 | _aBGR | ||
| 260 |
_c1892 _9213202 _aСофия _bСтатист. бюро _fДърж. печ. |
||
| 300 |
_a29 с. _c31 см |
||
| 380 | _a3 | ||
| 650 | 7 |
_9164460 _aОбразование и просвета - България |
|
| 653 | 7 |
_9197347 _aстатистика |
|
| 852 |
_aРб 892 _bРц |
||
| 856 | 4 | _qpdf | |
| 856 | 4 | _qpdf | |
| 942 |
_cKNG _n0 _s1 _01 |
||
| 944 |
_aCR _c2021-04-07 _k30535 _lХристина Везирева |
||